000 00489nam a2200205Ia 4500
005 20251020182616.0
008 200515s9999 xx 000 0 und d
082 _aSC/693.1-OP/I59
110 _aIna
245 0 _aAlbañilería : Módulo OP
260 _aSan José
260 _c1980
300 _a41
520 _aHerramientas utilizadas en el proceso de albañilería
650 _aALBAÑILERIA
650 _aHERRAMIENTAS
650 _aHIT
650 _aPUB INA
942 _cLIB
999 _c3491
_d3491